000 00279nam a22001217a 4500
008 171201b xxu||||| |||| 00| 0 eng d
041 _aeng
080 _a53
100 _a43
101 _aFIZ
245 _aHANDBOOK OF LASER SCIENCE AND TECHNOLOGY
_cWEBER, M.J
942 _2udc
_cBK
999 _c38708
_d38708